000 00584nam a2200241 a 4500
001 nice12345678
003 IN_TiNIC
005 20260116015003.0
008 050802s1944 onta grp 000 0 eng
020 _a0836155
_c100
082 0 0 _a270
_bBEN
100 _aBender, Harold S
245 _aThe Anabaptist Vision
260 _aOntario
_bHerald Press
_c1944
300 _a44p
500 _aincludes index and biblioraphy
505 2 _aSubject Index
650 _aChurch-History
700 1 _aBender, Harold S
902 _bSRS
942 _cBK
999 _c17845
_d17845